Вычислительные методы решения прикладных граничных задач: пер. с англ.

Bibliografiska uppgifter
Huvudupphovsman: На Ц. Цунг-Йен
Språk:ryska
Publicerad: Москва, Мир, 1982
Ämnen:
Materialtyp: Bok
KOHA link:https://koha.lib.tpu.ru/cgi-bin/koha/opac-detail.pl?biblionumber=39931

MARC

LEADER 00000n m0a2200000 4500
001 39931
005 20231031011906.0
035 |a (RuTPU)RU\TPU\book\40809 
090 |a 39931 
100 |a 20020415d1982 k y0rusy50 ca 
101 1 |a rus  |c eng 
102 |a RU 
105 |a a z 001zy 
200 1 |a Вычислительные методы решения прикладных граничных задач  |e пер. с англ.  |f Ц. На 
210 |a Москва  |c Мир  |d 1982 
215 |a 294 с.  |c ил. 
320 |a Библиогр. в конце глав 
320 |a Предм. указ.: с. 285-289 
320 |a Имен. указ.: с. 289-291 
610 1 |a математика 
610 1 |a суперпозиция 
610 1 |a преобразованияе 
610 1 |a интегральные уравнения 
610 1 |a инвариантное погружение 
610 1 |a итерационные методы 
610 1 |a методы 
675 |a 519.62  |v 3 
700 1 |a На  |b Ц.  |g Цунг-Йен 
801 1 |a RU  |b 63413507  |c 20020415  |g PSBO 
801 2 |a RU  |b 63413507  |c 20201204  |g PSBO 
942 |c BK